000 00677nam a2200229 4500
003 OSt
005 20240613082053.0
006 a
008 240613b |||||||| |||| 00| 0 eng d
020 _a9780273779827
040 _aDWCL-Main lib.
_cOC
082 _2Fourteenth edition
_aCirc. 658.8 K87p 2013
100 _aKottler, Philip
245 _aPrinciples of marketing /
250 _aFourteenth edition
260 _aBoston :
_bPearson Education,
_cc2013.
300 _b636 p. : ill. ;
_c28 cm.
504 _aIncludes appendices, bibliographical references.
650 _a1. Marketing.
700 _aPhilip Kottler
942 _2ddc
_n0
_cBK-CIRC
_eFourteenth edition
_kCirc.
999 _c642
_d642